Land art
Guardat en:
| Autor principal: | |
|---|---|
| Format: | Llibre |
| Idioma: | espanyol |
| Publicat: |
Madrid, España.
Nerea,
2003
|
| Edició: | 3a. ed |
| Col·lecció: | Arte Hoy, 1
|
| Matèries: | |
| Accés en línia: | Disponible Online |
| Etiquetes: |
Afegir etiqueta
Sense etiquetes, Sigues el primer a etiquetar aquest registre!
|
MARC
| LEADER | 00000nam a2200000 a 4500 | ||
|---|---|---|---|
| 001 | UCK9877 | ||
| 003 | CL-VaPUC | ||
| 005 | 20240731102537.0 | ||
| 008 | 060609e20030000SP |||||||||||||||||spa|d | ||
| 999 | |c 316878 |d 316876 | ||
| 020 | |a 8489569215 | ||
| 040 | |c Pontificia Universidad Católica de Valparaíso | ||
| 082 | 0 | 4 | |a 709.04 RAQ 2003 |2 21 |
| 100 | 1 | |a Raquejo, Tania |e author |9 499753 | |
| 245 | 1 | 0 | |a Land art |
| 250 | |a 3a. ed | ||
| 260 | |a Madrid, España. |b Nerea, |c 2003 | ||
| 300 | |a 119 páginas | ||
| 490 | 0 | |a Arte Hoy, 1 | |
| 583 | |a last modification |c 20060609 00:00:00 |k Rodrigo Vera | ||
| 650 | 0 | |a Artes |9 268202 | |
| 650 | 0 | |a Arte moderno |9 265333 | |
| 650 | 0 | |a Arte contemporáneo |9 338008 | |
| 650 | 0 | |a Estilos artísticos |9 340996 | |
| 856 | |u http://bibliografiadigital.pucv.cl/index.php/bibliotecapucv/catalog/book/679 |y Disponible Online | ||
| 942 | |c BK |2 ddc | ||
| 945 | |d 20060609 00:00:00 |a jtorresc | ||
| 952 | |0 0 |1 0 |4 0 |6 709_040000000000000_RAQ_2003 |7 0 |8 R |9 392422 |a BIBART |b BIBART |d 2019-11-22 |i 4236300 |l 3 |o 709.04 RAQ 2003 |p 4236300 |r 2025-03-13 |s 2024-11-08 |w 2019-11-22 |y BK_R |k ART | ||